[Event "Stuttgart-chB int"]
[Site "Gerlingen"]
[Date "2011.06.04"]
[Round "6"]
[White "Hartmann, Anatoli"]
[Black "Sazonovs, Sergejs"]
[Result "1-0"]
[WhiteElo "1697"]
[BlackElo "1480"]
[PlyCount "164"]
[EventDate "2011.06.02"]
[EventType "swiss"]
[EventRounds "7"]
[EventCountry "GER"]
[SourceTitle "EXT 2018"]
[Source "ChessBase"]
[SourceDate "2017.10.13"]
[SourceVersion "1"]
[SourceVersionDate "2017.10.13"]
[SourceQuality "1"]

1. d4 d5 2. Bf4 e6 3. e3 a6 4. Bd3 Nf6 5. Nf3 c5 6. dxc5 Bxc5 7. c3 Nc6 8. 0-0 Qe7 9. Ne5 Bd6 10. Qa4 Bd7 11. Nxd7 Nxd7 12. Bb5 0-0 13. Bxc6 Nc5 14. Bxd6 Qxd6 15. Qd1 bxc6 16. Nd2 Nd3 17. Qc2 Ne5 18. h3 Rab8 19. Rad1 Rb7 20. b4 Qc7 21. Nb3 Nd7 22. e4 Rc8 23. f3 h6 24. f4 Nf6 25. Nc5 Ra7 26. e5 Nd7 27. Qf2 a5 28. a3 axb4 29. axb4 Rca8 30. Qd4 g6 31. Nb3 Nb6 32. Na5 Nd7 33. Nb3 Nb6 34. Na5 Nd7 35. Ra1 c5 36. Qd2 cxb4 37. cxb4 Nb6 38. Qd4 Nc4 39. Rac1 Rxa5 40. bxa5 Rxa5 41. Ra1 Rxa1 42. Rxa1 Qb6 43. Qxb6 Nxb6 44. g4 Nc4 45. Kf2 Nd2 46. Ke3 Ne4 47. Rg1 Kh7 48. f5 g5 49. Rc1 exf5 50. gxf5 Ng3 51. Kd4 Nxf5+ 52. Kxd5 Kg7 53. Rc7 Kg6 54. Rc6+ Kg7 55. Ke4 Nh4 56. Ra6 Kh7 57. e6 fxe6 58. Rxe6 Kg7 59. Ra6 Ng6 60. Kf5 Nh4+ 61. Kg4 Ng6 62. Rb6 Ne5+ 63. Kf5 Nc4 64. Rb7+ Kf8 65. Kg6 Ne5+ 66. Kxh6 g4 67. h4 g3 68. Rg7 Nf3 69. Rxg3 Nd4 70. Rg1 Nf5+ 71. Kg5 Ng7 72. Kg6 Ne6 73. Kf6 Nf4 74. Ra1 Kg8 75. Ra4 Nd5+ 76. Kg5 Kh7 77. h5 Kg7 78. Ra7+ Kh8 79. h6 Kg8 80. h7+ Kh8 81. Kh6 Nc7 82. Rb7 Ne8 1-0

[Event "Stuttgart-chB int"]
[Site "Gerlingen"]
[Date "2011.06.04"]
[Round "7"]
[White "Sazonovs, Sergejs"]
[Black "Sigmund, Wolfgang"]
[Result "1-0"]
[WhiteElo "1480"]
[BlackElo "1586"]
[PlyCount "27"]
[EventDate "2011.06.02"]
[EventType "swiss"]
[EventRounds "7"]
[EventCountry "GER"]
[SourceTitle "EXT 2018"]
[Source "ChessBase"]
[SourceDate "2017.10.13"]
[SourceVersion "1"]
[SourceVersionDate "2017.10.13"]
[SourceQuality "1"]

1. e4 e5 2. Nf3 Nc6 3. g3 Bc5 4. Bg2 Nf6 5. d3 d6 6. 0-0 Bg4 7. Nbd2 0-0 8. c3 Qd7 9. a4 a5 10. Nc4 d5 11. exd5 Nxd5 12. Nfxe5 Nf6 13. Nxd7 Bxd1 14. Nxf6+ 1-0

[Event "Stuttgart-chB int"]
[Site "Gerlingen"]
[Date "2011.06.03"]
[Round "3"]
[White "Sazonovs, Sergejs"]
[Black "Zaytsev, Evgeny"]
[Result "0-1"]
[WhiteElo "1480"]
[BlackElo "1791"]
[PlyCount "102"]
[EventDate "2011.06.02"]
[EventType "swiss"]
[EventRounds "7"]
[EventCountry "GER"]
[SourceTitle "EXT 2018"]
[Source "ChessBase"]
[SourceDate "2017.10.13"]
[SourceVersion "1"]
[SourceVersionDate "2017.10.13"]
[SourceQuality "1"]

1. e4 e5 2. Nf3 Nc6 3. g3 d6 4. Bg2 Bg4 5. d3 h5 6. h4 Qd7 7. Nbd2 Be7 8. c3 Nh6 9. Qc2 f5 10. exf5 Rf8 11. Nh2 Bxf5 12. b4 a6 13. a4 Rb8 14. Ne4 Bh3 15. Bf3 Rxf3 16. Nxf3 Bg2 17. Ng1 Bxh1 18. f3 Qf5 19. Qe2 Kd7 20. Bxh6 gxh6 21. Nf2 Bg2 22. Ne4 Bh1 23. b5 Na5 24. Nf2 Bg2 25. Nd1 Bh1 26. Nf2 Bg2 27. Nd1 Bxf3 28. Qxf3 Qxf3 29. Nxf3 Nb3 30. Ra2 axb5 31. axb5 Nc5 32. Rd2 Rg8 33. Kf2 Rf8 34. Kg2 e4 35. dxe4 Nxe4 36. Rd3 Rg8 37. Nd4 Bxh4 38. Nf5 Bg5 39. Nf2 Nxf2 40. Kxf2 Rf8 41. Rf3 Rf6 42. Ke2 Re6+ 43. Kd3 Re5 44. c4 c5 45. Ng7 h4 46. gxh4 Bxh4 47. Rf7+ Re7 48. Rxe7+ Bxe7 49. Ke4 Bf6 50. Nh5 Be5 51. Kf5 Ke7 0-1